000 00657nam a2200241Ia 4500
003 OSt
005 20221002052225.0
006 a|||||r|||| 00| 0
007 ta
008 220930b |||||||| |||| 00| 0 eng d
024 _a42130
037 _cReference Collections
040 _aCRL
_cCRL
_beng
041 _2eng
_aeng
082 _aO12k, J6(RR)
100 _aMantinband James H
_9573421
245 0 _aDictionary of Latin literature
260 _c1956
500 _aMidcentury reference library; 19
650 _aENGLISH LITERATURE
942 _hO12k, J6(RR)
_cref
_2CC
999 _c918965
_d918965